|
|
|
|
| LEADER |
00000naa a2200000 c 4500 |
| 001 |
1945896752 |
| 003 |
DE-627 |
| 005 |
20251211122027.0 |
| 007 |
tu |
| 008 |
251211s2000 xx ||||| o 00| ||ger c |
| 035 |
|
|
|a (DE-627)1945896752
|
| 035 |
|
|
|a (DE-599)KXP1945896752
|
| 040 |
|
|
|a DE-627
|b ger
|c DE-627
|e rda
|
| 041 |
|
|
|a ger
|
| 084 |
|
|
|a 2,1
|2 ssgn
|
| 100 |
1 |
|
|a Kreissl, Reinhard
|d 1952-
|e VerfasserIn
|0 (DE-588)121856569
|0 (DE-627)08157956X
|0 (DE-576)161825117
|4 aut
|
| 109 |
|
|
|a Kreissl, Reinhard 1952-
|
| 245 |
1 |
0 |
|a [Rezension von: Die Null-Lösung]
|c Reinhard Kreissl, Delmenhorst
|
| 264 |
|
1 |
|c 2000
|
| 336 |
|
|
|a Text
|b txt
|2 rdacontent
|
| 337 |
|
|
|a ohne Hilfsmittel zu benutzen
|b n
|2 rdamedia
|
| 338 |
|
|
|a Band
|b nc
|2 rdacarrier
|
| 655 |
|
7 |
|a Rezension
|0 (DE-588)4049712-4
|0 (DE-627)106186019
|0 (DE-576)209083166
|2 gnd-content
|
| 773 |
0 |
8 |
|i Enthalten in
|t Kriminologisches Journal
|d Weinheim : Beltz Juventa, 1969
|g 32(2000), 4, Seite 313-314
|w (DE-627)130092207
|w (DE-600)500591-7
|w (DE-576)018208223
|x 0341-1966
|7 nnas
|
| 773 |
1 |
8 |
|g volume:32
|g year:2000
|g number:4
|g pages:313-314
|
| 787 |
0 |
8 |
|i Rezension von
|t Die Null-Lösung
|b 1. Aufl.
|d Baden-Baden : Nomos-Verl.-Ges., 1998
|h 261 S
|w (DE-627)243642040
|w (DE-576)066440378
|z 3789053732
|
| 951 |
|
|
|a AR
|
| ELC |
|
|
|b 1
|
| LOK |
|
|
|0 000 xxxxxcx a22 zn 4500
|
| LOK |
|
|
|0 001 4826540906
|
| LOK |
|
|
|0 003 DE-627
|
| LOK |
|
|
|0 004 1945896752
|
| LOK |
|
|
|0 005 20251211122027
|
| LOK |
|
|
|0 008 251211||||||||||||||||ger|||||||
|
| LOK |
|
|
|0 040
|a DE-2619
|c DE-627
|d DE-2619
|
| LOK |
|
|
|0 092
|o n
|
| LOK |
|
|
|0 852
|a DE-2619
|
| LOK |
|
|
|0 852 1
|9 00
|
| LOK |
|
|
|0 939
|a 11-12-25
|b l01
|
| ORI |
|
|
|a SA-MARC-krimdoka001.raw
|